New Zealand All Blacks Rugby - 10 or more conversions in a test - Statistics

General Stats
  • This quiz has been taken 60 times
  • The average score is 6 of 7
Answer Stats
Conversions Year Opponent Player % Correct
10 1987 Fiji Grant Fox
95%
10 1997 Argentina Carlos Spencer
91%
20 1995 Japan Simon Culhane
89%
14 2007 Portugal Nick Evans
85%
12 2000 Tonga Tony Brown
84%
11 1999 Italy Tony Brown
84%
12 2003 Tonga Leon MacDonald
75%
No matching quizzes found
Score Distribution
Percent of People with Each Score
Percentile by Number Answered
Your Score History
You have not taken this quiz